000 00457nab a2200145Ia 4500
003 ES-SlBCS
005 20210601124316.0
008 140529s1986 xxu||||| |||| 00| 0 eng d
041 _aeng
100 1 _aDale, Michael
_9139522
245 0 0 _aStalking a Conceptual Chameleon: Ideology in Marxist Studies of Education
_c Michael Dale
650 0 4 _aMarxismo
_918309
773 0 _tEducational Theory
_gvol. 36, nº. 3, 1986, págs. 241-258
_wRev1399
942 _cAR
999 _c512701
_d512701